| 000 | 00515nam a2200193Ia 4500 | ||
|---|---|---|---|
| 003 | GCL | ||
| 008 | 140319s9999 xx 000 0 ara d | ||
| 040 |
_aGCL / _cGCL |
||
| 082 | 0 | 4 |
_a811.9 _bز ح |
| 100 | 1 | _aزكى مبارك | |
| 245 | 1 | 0 |
_aحافظ ابراهيم / _cزكى مبارك |
| 260 |
_a[S.N] : _bدار الجيل ، _c1991 |
||
| 300 | _a110 ص | ||
| 490 | _a | ||
| 650 | 0 | 4 | _aالشعر العربى |
| 650 | 0 | 4 | _aالعصر الحديث |
| 650 | 0 | 4 | _aحافظ ابراهيم |
| 942 |
_2ddc _cBK |
||
| 999 |
_c43052 _d43052 |
||